|
|
|
|
| LEADER |
00000cam a2200000 7i4500 |
| 001 |
0000017233 |
| 005 |
20080513.0 |
| 008 |
130508 |
| 020 |
|
|
|a 9833710573
|
| 090 |
0 |
0 |
|a 153
|b STE
|
| 100 |
1 |
|
|a Stevens, Judy
|
| 245 |
1 |
0 |
|a For the learners' sake :
|b Brain - based instruction for the 21st century
|c Judy Stevens
|
| 260 |
|
|
|a Selangor :
|b Masterpiece Publications Sdn.Bhd. ,
|c 2001
|
| 650 |
|
0 |
|a Brain
|
| 650 |
|
0 |
|a Cognitive science
|
| 650 |
|
0 |
|a Creative thinking
|
| 650 |
|
0 |
|a Effective teaching
|
| 700 |
1 |
|
|a Goldberg, Dee
|
| 999 |
|
|
|a 0001012264
|b Book
|c Adult Collection
|e Perbadanan Perpustakaan Awam Johor
|
| 999 |
|
|
|a 0001012266
|b Book
|c Adult Collection
|e Perbadanan Perpustakaan Awam Johor
|